Statistics for Top 10 Countries with Covid-19 Deaths - 30 April

Click here to take the quiz!

General Stats

  • This quiz has been taken 21 times
  • The average score is 10 of 13

Answer Stats

country% Correct
France
100%
Italy
100%
Spain
100%
Germany
95%
United Kingdom
95%
United States
95%
Brazil
68%
Sweden
58%
Belgium
53%
Iran
53%
Ireland
53%
Netherlands
53%
Switzerland
53%

Score Distribution

Percentile by Number Answered

Percent of People with Each Score

Your Score History

You have not taken this quiz